000 00512nam a22002057a 4500
005 20251108173618.0
008 250721s9999 xx 000 0 eng d
020 _a721406661
082 1 4 _aJ/574.5263/WHI
100 1 _aWhiteHead, Pamela K.
245 1 0 _aSeaside Notebook /
264 _bLadybird Book,
300 _a51P.
490 0 _aNATURE SERIES
650 1 7 _aENVIRONNEMENT MARIN
650 1 7 _achildren
653 _aناشئون كبار (15-18) سنة
942 _2ddc
_cBK
999 _c108114
_d108114